1027 1590 1562 1044 1560 1830 1925 1363 1404 1356 1838 1539 1473 1109 1714 1370 1821 1483 1761 1324 1167 1639 1172 1926 1756 1822 1235 1465 1088 1169 1620 1544 1499 1824 1555 1580 1302 1814 1220 1051 1021 1570 1234 1965 1611 1124 1673 1672 1695 1431 1643 1972 1229 1420 1524 1425 1344 1802 1030 1901 1900 1872 1694 1745 1038 1639 1185 1628 1394 1864 1519 1464 1284 1442 1031 1956 1368 1505 1371 1452 1424 1092 1700 1024 1767 1013 1177 1149 1744 1776 1934 1707 1559 1364 1461 1341 1906 1496 1153 BCNSPRNW ULIB Ver.6.0+V

เปลี่ยนเป็นภาษาไทย

Change to English
 แสดงรายละเอียดบรรณานุกรม
  กลับหน้าหลัก

Brief Record : Get Marc (ISO 2709) : E-mail record : QR code < ปิดหน้าต่าง
LEADER : 00000nam 2200000uu 4500
001    13399108764
003     ULIB
008    110314s2551||||th 000 0 tha d
020    9789743074974
060 04 W21^bม685ร 2551
245 00 เรื่องเล่า--นักเรียนแพทย์ /^cมูลนิธิแพทย์ชนบท ; บรรณาธิการ, พงศ์เทพ วงศ์วัชรไพบูลย์
246 30 เรื่องเล่า...นักเรียนแพทย์
260    กรุงเทพฯ :^bสร้างสื่อ,^c2551
300    159 หน้า :^bภาพประกอบ ;^c22 ซม.
650  7 นักศึกษาแพทย์
653    Open Your Eyes Project
700 0  พงศ์เทพ วงศ์วัชรไพบูลย์,^eบรรณาธิการ
710 2  มูลนิธิแพทย์ชนบท
945    ^p60^l0^i025710
995     ทศพร
999 ^a ใช้งานได้ทุกระบบ
รายการนี้ยังไม่มีแท็ก
คุณยังไม่ได้ล็อกอิน คุณสามารถมีกิจกรรมร่วมกับเว็บไซต์ได้ แต่ต้องล็อกอินก่อน ::
  ล็อกอิน

รายการสื่อสารสนเทศ

ลำดับที่ ประเภท เลขเรียก/บาร์โค้ด สถานที่ สถานะ
- ไม่พบข้อมูล -

BibComment


ยังไม่เคยถูกคอมเมนท์

คอมเมนท์ทรัพยากรรายการนี้
  คอมเมนท์: เรื่องเล่านักเรีย..


 Copyright 2026. Bcnsprnw @Library